[Event "Benidorm 2011 - 2. Femenino"]
[Site "Benidorm ESP"]
[Date "2011.12.09"]
[Round "7.3"]
[White "Aranaz Murillo, Amalia"]
[Black "Collado Barbas, Laura"]
[Result "1/2-1/2"]
[WhiteElo "2211"]
[BlackElo "2078"]
[PlyCount "151"]
[EventDate "2011.12.05"]
[EventType "tourn"]
[EventRounds "9"]
[EventCountry "ESP"]
[Source "lmi"]
[SourceDate "2011.12.05"]

1. Nf3 d5 2. g3 Nf6 3. Bg2 c5 4. c4 e6 5. O-O Nc6 6. b3 Be7 7. Bb2 d4 8. e3 e5
9. exd4 exd4 10. Na3 O-O 11. d3 Bg4 12. Qd2 Qd7 13. Rfe1 Rfe8 14. Nc2 a5 15. a3
Bf8 16. Rxe8 Rxe8 17. b4 axb4 18. axb4 Bxf3 19. Bxf3 Ne5 20. Bg2 cxb4 21. Rd1
b5 22. cxb5 Qxb5 23. Nxd4 Qb6 24. Nf5 Qe6 25. Qg5 g6 26. Nh6+ Bxh6 27. Qxh6
Neg4 28. Qd2 Qd6 29. Rc1 Qe7 30. h3 Ne5 31. Qe3 Qd6 32. Qg5 Kg7 33. Rd1 h6 34.
Qd2 Rd8 35. Bxe5 Qxe5 36. Qxb4 Qe2 37. Qd2 Qe6 38. Qe3 Qd6 39. d4 Re8 40. Qc3
Kh7 41. d5 Rd8 42. Qc4 Kg7 43. Qd4 Rc8 44. Rb1 Qc5 45. Qxc5 Rxc5 46. d6 Rc2 47.
Rd1 Nd7 48. Bf1 Rc5 49. h4 Kf8 50. Bh3 f5 51. Re1 Ne5 52. Bg2 Nf7 53. d7 Kg7
54. Rd1 Nd8 55. Bf3 Kf7 56. Rd6 Rc7 57. h5 gxh5 58. Bxh5+ Ke7 59. Rxh6 Rxd7 60.
Rh7+ Ke6 61. Rxd7 Kxd7 62. Kg2 Ke6 63. Kf3 Kf6 64. Be8 Ne6 65. Ba4 Nf8 66. Ke3
Ng6 67. f3 Nf8 68. Kf2 Ng6 69. Bb3 Nf8 70. Kg2 Ng6 71. Kh3 Nf8 72. Kh4 Ng6+ 73.
Kh5 Ne5 74. Bd5 Ng6 75. Kh6 Ne5 76. Bb7 1/2-1/2

[Event "Benidorm 2011 - 2. Femenino"]
[Site "Benidorm ESP"]
[Date "2011.12.10"]
[Round "8.1"]
[White "Nicolas Zapata, Irene"]
[Black "Cerrato Torrijos, Maria"]
[Result "1-0"]
[WhiteElo "2071"]
[BlackElo "2069"]
[PlyCount "81"]
[EventDate "2011.12.05"]
[EventType "tourn"]
[EventRounds "9"]
[EventCountry "ESP"]
[Source "lmi"]
[SourceDate "2011.12.05"]

1. Nf3 d5 2. d4 Nf6 3. g3 c5 4. Bg2 cxd4 5. O-O h6 6. Nxd4 e5 7. Nb3 Be7 8. Nc3
d4 9. Nb1 O-O 10. c3 dxc3 11. Nxc3 Nc6 12. Be3 Be6 13. Nc5 Bxc5 14. Bxc5 Re8
15. Qxd8 Raxd8 16. Rfd1 Rxd1+ 17. Rxd1 b6 18. Bxc6 Rc8 19. Bxb6 axb6 20. Bf3 b5
21. a3 Rb8 22. Nd5 Nd7 23. Nc7 Bh3 24. Bg2 Bxg2 25. Kxg2 Nf6 26. Nd5 Ne4 27. f3
Nc5 28. Ne7+ Kf8 29. Nc6 Rc8 30. Nxe5 f6 31. Ng4 Nb3 32. Ne3 Rb8 33. Nd5 Na5
34. Rd3 Nc4 35. Rb3 Rd8 36. e4 f5 37. Rxb5 fxe4 38. fxe4 Nd2 39. Rb4 Nxe4 40.
Rxe4 Rxd5 41. Re2 1-0

[Event "Benidorm 2011 - 2. Femenino"]
[Site "Benidorm ESP"]
[Date "2011.12.10"]
[Round "8.2"]
[White "Savina, Anastasia"]
[Black "Guadamuro Torrente, Anabel"]
[Result "1/2-1/2"]
[WhiteElo "2343"]
[BlackElo "2188"]
[PlyCount "77"]
[EventDate "2011.12.05"]
[EventType "tourn"]
[EventRounds "9"]
[EventCountry "ESP"]
[Source "lmi"]
[SourceDate "2011.12.05"]

1. d4 Nf6 2. c4 c5 3. d5 e5 4. Nc3 d6 5. e4 Be7 6. g3 O-O 7. Bg2 Nbd7 8. Nf3
Ne8 9. O-O g6 10. Bh6 Ng7 11. Qd2 Nf6 12. h3 Kh8 13. Ne1 Ng8 14. Be3 f5 15. f4
exf4 16. Bxf4 fxe4 17. Nxe4 Nf6 18. g4 Nxe4 19. Bxe4 b6 20. Nf3 Ba6 21. Bh6 Qd7
22. Bd3 Bf6 23. Ng5 Bd4+ 24. Kh1 Rae8 25. Rxf8+ Rxf8 26. Rf1 Qe7 27. Rxf8+ Qxf8
28. b3 Bc8 29. Qe2 Kg8 30. Kg2 Qe8 31. Qxe8+ Nxe8 32. Ne4 Be5 33. Kf3 Bd7 34.
h4 Nf6 35. Nxf6+ Bxf6 36. Bf4 Be7 37. h5 Kf7 38. hxg6+ hxg6 39. Ke4 1/2-1/2

[Event "Benidorm 2011 - 2. Femenino"]
[Site "Benidorm ESP"]
[Date "2011.12.10"]
[Round "8.3"]
[White "Collado Barbas, Laura"]
[Black "Maisuradze, Nino"]
[Result "1/2-1/2"]
[WhiteElo "2078"]
[BlackElo "2315"]
[PlyCount "112"]
[EventDate "2011.12.05"]
[EventType "tourn"]
[EventRounds "9"]
[EventCountry "ESP"]
[Source "lmi"]
[SourceDate "2011.12.05"]

1. d4 d5 2. c4 e6 3. Nc3 Be7 4. cxd5 exd5 5. Bf4 c6 6. e3 Bf5 7. g4 Be6 8. h4
h5 9. g5 Bd6 10. Bxd6 Qxd6 11. Bh3 Nd7 12. Bxe6 Qxe6 13. Nh3 g6 14. Nf4 Qf5 15.
f3 O-O-O 16. Qd2 Nb6 17. b3 Ne7 18. O-O-O Rhe8 19. Kb2 Kb8 20. Nd3 Nec8 21. e4
Qd7 22. Qf4+ Qc7 23. Ne5 Re7 24. Rhe1 Ka8 25. Re2 dxe4 26. fxe4 c5 27. dxc5
Na4+ 28. bxa4 Rxd1 29. Nxd1 Rxe5 30. Rc2 Kb8 31. Ne3 Rxc5 32. Qxc7+ Rxc7 33.
Nd5 Rc6 34. Rxc6 bxc6 35. Nb4 Kc7 36. Kc3 Kd6 37. Nd3 a5 38. Kd4 Nb6 39. Nc5
Nd7 40. Nb7+ Ke6 41. Nd8+ Kd6 42. Nb7+ Kc7 43. Nxa5 c5+ 44. Kd5 f6 45. gxf6 g5
46. e5 gxh4 47. Ke4 h3 48. Kf3 Nxe5+ 49. Kg3 h2 50. Kxh2 Ng4+ 51. Kh3 Nxf6 52.
Nc4 Kc6 53. Kh4 Kd5 54. Nb6+ Kc6 55. Nc4 Kd5 56. Nb6+ Ke5 1/2-1/2

[Event "Benidorm 2011 - 2. Femenino"]
[Site "Benidorm ESP"]
[Date "2011.12.10"]
[Round "8.4"]
[White "Aghabekian, Liana"]
[Black "Aranaz Murillo, Amalia"]
[Result "0-1"]
[WhiteElo "2115"]
[BlackElo "2211"]
[PlyCount "53"]
[EventDate "2011.12.05"]
[EventType "tourn"]
[EventRounds "9"]
[EventCountry "ESP"]
[Source "lmi"]
[SourceDate "2011.12.05"]

1. e4 c6 2. Nc3 d5 3. Nf3 Bg4 4. h3 Bh5 5. Be2 e6 6. O-O Nf6 7. e5 Nfd7 8. d4
c5 9. Re1 Be7 10. Bf4 Qb6 11. Na4 Qa5 12. c3 c4 13. b4 Qa6 14. Bg5 Bxf3 15.
Bxf3 Bxg5 16. Bxd5 exd5 17. e6 O-O 18. exf7+ Rxf7 19. Re8+ Rf8 20. Rxf8+ Nxf8
21. Qf3 Qd6 22. Re1 Nbd7 23. Nc5 b6 24. Nxd7 Qxd7 25. Re5 Bf6 26. Rxd5 Qb7 27.
Qd1 0-1

[Event "Benidorm 2011 - 2. Femenino"]
[Site "Benidorm ESP"]
[Date "2011.12.10"]
[Round "8.5"]
[White "Matnadze, Ana"]
[Black "Rudolf, Anna"]
[Result "1-0"]
[WhiteElo "2438"]
[BlackElo "2347"]
[PlyCount "133"]
[EventDate "2011.12.05"]
[EventType "tourn"]
[EventRounds "9"]
[EventCountry "ESP"]
[Source "lmi"]
[SourceDate "2011.12.05"]

1. d4 d5 2. g3 c5 3. dxc5 e6 4. Bg2 Bxc5 5. e4 Qb6 6. Nh3 dxe4 7. O-O Nf6 8.
Nc3 Bd7 9. Nxe4 Nxe4 10. Bxe4 Bc6 11. Ng5 Nd7 12. Qh5 g6 13. Qf3 O-O 14. Bf4 e5
15. Bxc6 Qxc6 16. Qxc6 bxc6 17. Rad1 Rfd8 18. Be3 Be7 19. h4 Nb6 20. Kg2 Nd5
21. Bd2 a5 22. a4 f6 23. Ne4 Kg7 24. g4 Nb6 25. b3 Rd4 26. Kf3 Rad8 27. c3 R4d5
28. Ke2 f5 29. gxf5 gxf5 30. c4 Rd4 31. Ng3 Kg6 32. Bxa5 Rb8 33. h5+ Kg5 34.
Bc3 Rxd1 35. Rxd1 f4 36. Ne4+ Kf5 37. f3 Nc8 38. b4 Nb6 39. c5 Nxa4 40. Be1 Nb2
41. Rd7 Ke6 42. Rc7 Nc4 43. Rxc6+ Kd7 44. Rh6 Ra8 45. Kd3 Nb2+ 46. Kc2 Nc4 47.
Bc3 Ra3 48. b5 Ne3+ 49. Kd2 Nf1+ 50. Kd3 Ng3 51. Nd6 e4+ 52. Nxe4 Nxe4 53. fxe4
Bxc5 54. Kc4 f3 55. Kxc5 Rxc3+ 56. Kd4 f2 57. Rf6 Rh3 58. Rxf2 Rxh5 59. Rf5 Rh1
60. Kc5 Rc1+ 61. Kb6 Kd6 62. Rd5+ Ke6 63. Rh5 Re1 64. Rh6+ Kf7 65. Rxh7+ Kf6
66. Rh6+ Ke5 67. Rh8 1-0

[Event "Benidorm 2011 - 2. Femenino"]
[Site "Benidorm ESP"]
[Date "2011.12.11"]
[Round "9.1"]
[White "Rudolf, Anna"]
[Black "Nicolas Zapata, Irene"]
[Result "0-1"]
[WhiteElo "2347"]
[BlackElo "2071"]
[PlyCount "96"]
[EventDate "2011.12.05"]
[EventType "tourn"]
[EventRounds "9"]
[EventCountry "ESP"]
[Source "lmi"]
[SourceDate "2011.12.05"]

1. d4 Nf6 2. Bg5 d5 3. e3 e6 4. Nf3 Be7 5. c4 O-O 6. Nc3 h6 7. Bh4 b6 8. cxd5
Nxd5 9. Bxe7 Qxe7 10. Nxd5 exd5 11. Bd3 Be6 12. O-O Nd7 13. Rc1 c5 14. dxc5
bxc5 15. Qa4 Rfe8 16. Rfd1 Nf6 17. h3 Rab8 18. Rd2 Qd7 19. Qxd7 Nxd7 20. Bc2
Rec8 21. Kf1 Kf8 22. Ke2 Rxb2 23. Bb3 Rxd2+ 24. Nxd2 c4 25. Bc2 Rb8 26. Nf3 Rb2
27. Nd4 Rxa2 28. Rb1 Nb6 29. Kd1 Ke8 30. Nb5 Rxc2 31. Nd6+ Kd7 32. Kxc2 Kxd6
33. Ra1 Nc8 34. Kc3 Kc5 35. Ra5+ Kb6 36. Kb4 a6 37. f4 Ne7 38. Ra1 Bf5 39. g4
Be4 40. Kc3 Nc6 41. h4 a5 42. Ra2 Na7 43. Kd4 Nb5+ 44. Ke5 c3 45. f5 c2 46. Ra1
Nc3 47. f6 gxf6+ 48. Kd4 Ne2# 0-1

[Event "Benidorm 2011 - 2. Femenino"]
[Site "Benidorm ESP"]
[Date "2011.12.11"]
[Round "9.2"]
[White "Aranaz Murillo, Amalia"]
[Black "Matnadze, Ana"]
[Result "0-1"]
[WhiteElo "2211"]
[BlackElo "2438"]
[PlyCount "90"]
[EventDate "2011.12.05"]
[EventType "tourn"]
[EventRounds "9"]
[EventCountry "ESP"]
[Source "lmi"]
[SourceDate "2011.12.05"]

1. Nf3 Nf6 2. c4 e6 3. g3 b6 4. Bg2 Bb7 5. O-O Be7 6. d4 O-O 7. Re1 d5 8. cxd5
exd5 9. Nc3 Ne4 10. Bf4 Nd7 11. Rc1 c5 12. dxc5 Nxc3 13. Rxc3 bxc5 14. Qb3 Nb6
15. Rcc1 Qd7 16. Qc2 Rac8 17. Bd2 Bf6 18. Bg5 Qe6 19. b3 Rfe8 20. Qd2 Bxg5 21.
Nxg5 Qe7 22. Nh3 d4 23. Bxb7 Qxb7 24. Nf4 g6 25. e3 Red8 26. exd4 cxd4 27. Rxc8
Qxc8 28. Re7 Qc5 29. Qe2 Qc1+ 30. Kg2 Qc6+ 31. Qf3 Qxf3+ 32. Kxf3 d3 33. Re1 g5
34. Ng2 Nd5 35. Rd1 Nc3 36. Rd2 Nb1 37. Rd1 d2 38. Ke3 a5 39. a3 Rd5 40. h4 h6
41. hxg5 hxg5 42. f4 f6 43. fxg5 fxg5 44. Kf3 Nc3 45. Ne3 Rd3 0-1

[Event "Benidorm 2011 - 2. Femenino"]
[Site "Benidorm ESP"]
[Date "2011.12.11"]
[Round "9.3"]
[White "Maisuradze, Nino"]
[Black "Aghabekian, Liana"]
[Result "1-0"]
[WhiteElo "2315"]
[BlackElo "2115"]
[PlyCount "71"]
[EventDate "2011.12.05"]
[EventType "tourn"]
[EventRounds "9"]
[EventCountry "ESP"]
[Source "lmi"]
[SourceDate "2011.12.05"]

1. d4 Nf6 2. c4 d6 3. Nc3 g6 4. e4 Bg7 5. f4 O-O 6. Nf3 c5 7. d5 e6 8. Be2 exd5
9. cxd5 Re8 10. e5 dxe5 11. fxe5 Ng4 12. Bg5 f6 13. exf6 Bxf6 14. Qd2 Bf5 15.
h3 Ne5 16. Bxf6 Nxf3+ 17. gxf3 Qxf6 18. O-O-O Qh4 19. f4 Nd7 20. d6 Rab8 21.
Nd5 Re4 22. Ne7+ Kf8 23. Nxf5 gxf5 24. Bb5 Rd4 25. Qe3 Re4 26. Qc3 Rd8 27. Bxd7
Rxd7 28. Qh8+ Kf7 29. Rhg1 Rd8 30. Qg7+ Ke6 31. Kb1 Rxd6 32. Rg6+ hxg6 33.
Qxg6+ Kd7 34. Qxd6+ Kc8 35. Qxc5+ Kb8 36. Qd6+ 1-0

[Event "Benidorm 2011 - 2. Femenino"]
[Site "Benidorm ESP"]
[Date "2011.12.11"]
[Round "9.4"]
[White "Guadamuro Torrente, Anabel"]
[Black "Collado Barbas, Laura"]
[Result "0-1"]
[WhiteElo "2188"]
[BlackElo "2078"]
[PlyCount "113"]
[EventDate "2011.12.05"]
[EventType "tourn"]
[EventRounds "9"]
[EventCountry "ESP"]
[Source "lmi"]
[SourceDate "2011.12.05"]

1. e4 e6 2. d4 d5 3. Nd2 Nc6 4. Ngf3 Nf6 5. e5 Nd7 6. c3 f6 7. exf6 Qxf6 8. Qb3
Bd6 9. Bd3 O-O 10. O-O Ne7 11. c4 Kh8 12. Qc2 c6 13. Nb3 h6 14. cxd5 exd5 15.
Re1 b6 16. Qe2 c5 17. Bb1 c4 18. Qc2 g6 19. Nbd2 Nf5 20. Nf1 Bb7 21. Ng3 Bxg3
22. hxg3 Rae8 23. Rd1 Qg7 24. a4 Re6 25. Qd2 g5 26. a5 b5 27. Qb4 a6 28. Bd2
Nd6 29. Ne5 Nxe5 30. dxe5 Ne8 31. Be3 Nc7 32. Bd4 Qf7 33. g4 Kg8 34. Bf5 Rfe8
35. Bxe6 Nxe6 36. Qc3 Qf4 37. Qe3 Qxg4 38. Qh3 Qxh3 39. gxh3 Nxd4 40. Rxd4 Rxe5
41. Kf1 Kf7 42. h4 Kf6 43. hxg5+ hxg5 44. Ra3 Bc8 45. Rf3+ Bf5 46. Rd2 Ke6 47.
Rg3 Kd6 48. b4 Bd3+ 49. Kg2 d4 50. Kh3 Kd5 51. Rf3 Be4 52. Rf8 Bf5+ 53. Kg3 d3
54. f4 gxf4+ 55. Kxf4 Bd7 56. Rd8 Re7 57. Ra8 0-1

[Event "Benidorm 2011 - 2. Femenino"]
[Site "Benidorm ESP"]
[Date "2011.12.11"]
[Round "9.5"]
[White "Cerrato Torrijos, Maria"]
[Black "Savina, Anastasia"]
[Result "1-0"]
[WhiteElo "2069"]
[BlackElo "2343"]
[PlyCount "63"]
[EventDate "2011.12.05"]
[EventType "tourn"]
[EventRounds "9"]
[EventCountry "ESP"]
[Source "lmi"]
[SourceDate "2011.12.05"]

1. e4 c5 2. Nc3 Nc6 3. Nf3 e5 4. Bc4 Be7 5. d3 d6 6. O-O Nf6 7. Ng5 O-O 8. f4
Bg4 9. Qe1 exf4 10. Bxf4 Nd4 11. Qh4 h6 12. Nxf7 Rxf7 13. Bxf7+ Kxf7 14. e5
dxe5 15. Bxe5 Be6 16. Ne4 Nf5 17. Qf4 Kg8 18. Rae1 Nd7 19. Bc3 Qb6 20. Nd2 c4+
21. d4 Bg5 22. Qe4 Bxd2 23. Bxd2 Nf8 24. Bc3 Qc6 25. d5 Qc5+ 26. Kh1 Qxd5 27.
Qxd5 Bxd5 28. Rxf5 Be6 29. Rfe5 Kf7 30. Bb4 Bd7 31. Re7+ Kg6 32. Bc3 1-0